000 00364nam a2200133Ia 4500
008 230917s9999||||xx |||||||||||||| ||und||
040 _e187329
_aMAIN
041 _aEnglish
082 _a658.4 H 261H
245 0 _aHarvard business review on effective communication
260 _aBostan
_bHarvard Business School Press
_c1999
300 _aV, 206 p.
942 _cBK
999 _c164217
_d164217